000 00625nam a2200205Ii 4500
003 JO-AjNU
008 230605s9999||||xx |||||||||||||| ||und||
040 _aJO-AjNU
_bara
_erda
_cJO-AjNU
041 _aara
050 1 4 _aHT65 .F3 1967
100 3 _aالفوال، صلاح مصطفى,
_eauthor
_910712
245 0 0 _aالبداوة العربية والتنمية
250 _aط1
264 3 1 _aالقاهرة: مكتبة القاهرة الحديثة، 1967
300 _a344ص
336 _atext
_btxt
_2rdacontent
337 _aunmediated
_bn
_2rdamedia
338 _avolume
_bnc
_2rdacarrier
650 4 _aبدو
_910713
999 _aA1947
_c5515
_d5515